Redes, prácticas de interconexión y vínculos sociales en un circuito migratorio transnacional /
Este artículo presenta hallazgos de una investigación sobre la dinámica y formación de un circuito migratorio transnacional entre la región Mixteca del Estado de Puebla en México y la ciudad de Nueva York. El objetivo central es analizar la influencia que ha tenido la migración desde la Mixteca del...
Guardado en:
| Hovedforfatter: | |
|---|---|
| Format: | Texto |
| Fag: | |
| Tags: |
Tilføj Tag
Ingen Tags, Vær først til at tagge denne postø!
|
MARC
| LEADER | 00000 a a2200000 04500 | ||
|---|---|---|---|
| 001 | 41544 | ||
| 003 | |||
| 040 | |||
| 100 | |a Rivera Sánchez, Liliana | ||
| 245 | |a Redes, prácticas de interconexión y vínculos sociales en un circuito migratorio transnacional / |c Liliana Rivera Sánchez | ||
| 520 | |a Este artículo presenta hallazgos de una investigación sobre la dinámica y formación de un circuito migratorio transnacional entre la región Mixteca del Estado de Puebla en México y la ciudad de Nueva York. El objetivo central es analizar la influencia que ha tenido la migración desde la Mixteca del Estado de Puebla a Ciudad Netzahualcóyotl, Estado de México, en la organización social de la migración internacional entre Ciudad Netzahualcóyotl y Nueva York. En suma, se trata de ensayar respuestas a dos preguntas principales: cuál es la relación entre estos dos trayectos internacionales: Mixteca-Nueva York, y qué papel desempeña el trayecto interno Mixteca-Netzahualcóyotl en esa interconexión de trayectos. | ||
| 590 | |a DISEMINAR062011/RRA/JULIO2011 | ||
| 650 | |a MIGRACION INTERNACIONAL | ||
| 650 | |a MIGRACION INTERREGIONAL | ||
| 650 | |a MEXICO | ||
| 650 | |a ESTADOS UNIDOS | ||
| 650 | |a REDES SOCIALES | ||
| 650 | |a HISTORIAS DE VIDA | ||
| 773 | |g páginas 173-194 | ||
| 999 | |c 24428 |d 24428 | ||
